[Event "1MCRV_F"]
[Site "?"]
[Date "2002.??.??"]
[Round "?"]
[White "Sluka, Vaclav"]
[Black "Mudra, Oldrich"]
[Result "1/2-1/2"]
[WhiteElo "2245"]
[BlackElo "2200"]
[PlyCount "112"]
[EventDate "2002.??.??"]
[EventType "corr"]
[EventRounds "2"]
[SourceDate "2004.??.??"]

1. d4 Nf6 2. c4 e6 3. Nf3 d5 4. Nc3 Be7 5. Bg5 O-O 6. e3 Nbd7 7. Rc1 b6 8. cxd5
exd5 9. Bd3 Bb7 10. O-O c5 11. Qe2 c4 12. Bb1 a6 13. Ne5 Nxe5 14. dxe5 Nd7 15.
Bf4 b5 16. Rfd1 Nb6 17. Qg4 g6 18. Bh6 Re8 19. e6 Bf6 20. exf7+ Kxf7 21. Ne4
Kg8 22. Nxf6+ Qxf6 23. Qg5 Qxg5 24. Bxg5 b4 25. Bf6 Re6 26. Bd4 Rae8 27. Kf1
Nd7 28. h3 Bc6 29. Ke2 Bb5 30. Bc2 Kf7 31. a4 Bc6 32. a5 Bb5 33. g4 b3 34. Bb1
c3+ 35. Bd3 c2 36. Rd2 Ba4 37. Ke1 Rc6 38. Bf1 Ke6 39. Rd3 Rb8 40. Be2 Ra8 41.
g5 Nc5 42. Rc3 Kd6 43. h4 Ne6 44. Rd3 Rc4 45. Kd2 Re8 46. Bf6 Nc5 47. Rd4 Rxd4+
48. Bxd4 Ne4+ 49. Ke1 Ra8 50. f4 Bb5 51. Bg4 Bd7 52. Be2 Bf5 53. h5 Ng3 54. h6
Ke6 55. Kd2 Nxe2 56. Kxe2 Rc8 1/2-1/2

[Event "1MCRV_F"]
[Site "?"]
[Date "2002.??.??"]
[Round "?"]
[White "Kuta, Jiri"]
[Black "Nevole, Milan"]
[Result "1/2-1/2"]
[WhiteElo "2320"]
[BlackElo "2210"]
[PlyCount "51"]
[EventDate "2002.??.??"]
[EventType "corr"]
[EventRounds "2"]
[SourceDate "2004.??.??"]

1. d4 Nf6 2. c4 c5 3. d5 e6 4. Nc3 exd5 5. cxd5 d6 6. Nf3 g6 7. Nd2 Bg7 8. e4
O-O 9. Be2 a6 10. a4 Re8 11. O-O Nbd7 12. Ra3 Ne5 13. Re1 Nfg4 14. Nf1 Nh6 15.
f3 f5 16. Be3 fxe4 17. Nxe4 Nef7 18. Qd2 Nf5 19. Bf4 Bd7 20. Ne3 Nxe3 21. Bxe3
Bf5 22. Ng3 Bd7 23. Ne4 Bf5 24. Ng3 Bd7 25. Ne4 Bf5 26. Ng3 1/2-1/2

[Event "1MCRV_F"]
[Site "?"]
[Date "2002.??.??"]
[Round "?"]
[White "Hybl, Vladislav"]
[Black "Koukal, Vladimir"]
[Result "1/2-1/2"]
[WhiteElo "2305"]
[BlackElo "2240"]
[PlyCount "82"]
[EventDate "2002.??.??"]
[EventType "corr"]
[EventRounds "2"]
[SourceDate "2004.??.??"]

1. e4 e5 2. Nf3 Nf6 3. Nxe5 d6 4. Nf3 Nxe4 5. d4 d5 6. Bd3 Be7 7. O-O O-O 8.
Re1 Nc6 9. Bxe4 dxe4 10. Rxe4 Bf5 11. Re1 Nb4 12. Na3 Re8 13. Bg5 f6 14. Bf4
Nd5 15. Bd2 Bxa3 16. bxa3 Nb6 17. Rxe8+ Qxe8 18. Nh4 Be6 19. Qe2 Qd7 20. Re1
Bxa2 21. Qe7 Qg4 22. Re4 Nd5 23. Rxg4 Nxe7 24. Re4 Kf7 25. Bb4 Nc6 26. Nf5 Rd8
27. Bc3 g6 28. Ne3 f5 29. Rf4 Be6 30. h4 Ke8 31. f3 Ne7 32. g4 c6 33. gxf5 Nxf5
34. Ng4 Kf7 35. Kf2 Rc8 36. Ne5+ Kg7 37. Nd3 Bd5 38. h5 Re8 39. Ne5 Kf6 40.
hxg6 hxg6 41. Rg4 g5 1/2-1/2

[Event "1MCRV_F"]
[Site "?"]
[Date "2002.??.??"]
[Round "?"]
[White "Kostal, Jindrich"]
[Black "Skalicky, Frantisek"]
[Result "1-0"]
[WhiteElo "2305"]
[BlackElo "2245"]
[PlyCount "81"]
[EventDate "2002.??.??"]
[EventType "corr"]
[EventRounds "2"]
[SourceDate "2004.??.??"]

1. e4 e5 2. Nf3 Nc6 3. Bb5 a6 4. Ba4 Nf6 5. O-O Be7 6. Re1 b5 7. Bb3 d6 8. c3
O-O 9. h3 Na5 10. Bc2 c5 11. d4 Qc7 12. Nbd2 cxd4 13. cxd4 Bb7 14. d5 Rac8 15.
Bd3 Nd7 16. Nf1 f5 17. Ng3 f4 18. Nf5 Bd8 19. Bd2 Nc4 20. Rc1 Qb8 21. Bxc4 bxc4
22. Qa4 Nb6 23. Qa3 Rxf5 24. exf5 Bxd5 25. Bb4 Rc6 26. Red1 Qc7 27. Qxa6 Bxf3
28. gxf3 Kf7 29. Qb5 Be7 30. a4 Kf6 31. b3 c3 32. Qd3 c2 33. Rd2 Nd7 34. Rcxc2
Nc5 35. Qd5 Qb7 36. Bxc5 dxc5 37. Re2 Qc7 38. Rxe5 Qxe5 39. Qxc6+ Kg5 40. a5
Kh4 41. a6 1-0

[Event "1MCRV_F"]
[Site "?"]
[Date "2002.??.??"]
[Round "?"]
[White "Vondracek, Emil"]
[Black "Kuchta, Jiri"]
[Result "1/2-1/2"]
[WhiteElo "2280"]
[BlackElo "2255"]
[PlyCount "89"]
[EventDate "2002.??.??"]
[EventType "corr"]
[EventRounds "2"]
[SourceDate "2004.??.??"]

1. d4 d5 2. Nc3 Nf6 3. g3 e6 4. Bg2 Be7 5. e4 dxe4 6. Nxe4 Nxe4 7. Bxe4 c5 8.
dxc5 Qxd1+ 9. Kxd1 Bxc5 10. Ke2 Nd7 11. Nf3 Nf6 12. Nd2 e5 13. Bd3 Be6 14. f3
O-O-O 15. Nb3 Be7 16. Re1 h6 17. Kf2 Bd6 18. Be3 b6 19. a4 Nd5 20. a5 Nb4 21.
Nc1 Nxd3+ 22. Nxd3 Kb7 23. axb6 axb6 24. Red1 Rd7 25. b3 Rhd8 26. c4 f5 27. Re1
g5 28. c5 Bxc5 29. Nxc5+ bxc5 30. Bxc5 Rd2+ 31. Kf1 Bxb3 32. Rxe5 R8d5 33. Re7+
Kc6 34. Bf2 Bc4+ 35. Kg2 g4 36. Rh7 Rc2 37. Rxh6+ Rd6 38. Rxd6+ Kxd6 39. Rd1+
Bd5 40. Kf1 Kc6 41. fxg4 Bc4+ 42. Kg1 fxg4 43. Be3 Re2 44. Rd4 Be6 45. Bf2
1/2-1/2

[Event "1MCRV_F"]
[Site "?"]
[Date "2002.??.??"]
[Round "?"]
[White "Nosek, Jaroslav"]
[Black "Pytlik, Lesek"]
[Result "0-1"]
[WhiteElo "2275"]
[BlackElo "2260"]
[PlyCount "86"]
[EventDate "2002.??.??"]
[EventType "corr"]
[EventRounds "2"]
[SourceDate "2004.??.??"]

1. d4 Nf6 2. Bg5 Ne4 3. Bh4 g5 4. f3 gxh4 5. fxe4 c5 6. e3 Bh6 7. Bc4 e6 8. Qe2
Qg5 9. Nc3 Nc6 10. Nb5 O-O 11. Nf3 Qxe3 12. Qxe3 Bxe3 13. dxc5 f5 14. e5 Bf4
15. Nxh4 Nxe5 16. Bb3 Be3 17. Nd6 Kh8 18. Nf3 Ng4 19. h3 Nf6 20. Rd1 Bxc5 21.
Ne5 Bxd6 22. Rxd6 Ne4 23. Rd4 d6 24. Rf1 Kg7 25. Nc4 d5 26. Nd2 Nf6 27. Nf3 b5
28. c3 a5 29. a3 Ne4 30. Bc2 Ng3 31. Rf2 Kf6 32. Nd2 Rg8 33. Rg4 Bb7 34. Bd3
Bc6 35. Rxg8 Rxg8 36. Nb3 Ne4 37. Rc2 b4 38. Nxa5 bxa3 39. bxa3 Ba4 40. Bxe4
fxe4 41. Rb2 Rg3 42. Rb4 Be8 43. Rb8 Bg6 0-1

[Event "1MCRV_F"]
[Site "?"]
[Date "2002.??.??"]
[Round "?"]
[White "Kuchta, Jiri"]
[Black "Nosek, Jaroslav"]
[Result "1/2-1/2"]
[WhiteElo "2255"]
[BlackElo "2275"]
[PlyCount "31"]
[EventDate "2002.??.??"]
[EventType "corr"]
[EventRounds "2"]
[SourceDate "2004.??.??"]

1. e4 e6 2. d4 d5 3. Nd2 c5 4. exd5 Qxd5 5. Ngf3 cxd4 6. Bc4 Qd6 7. Qe2 Nf6 8.
O-O Nc6 9. Bb5 Bd7 10. Nb3 Qc7 11. Nbxd4 Nxd4 12. Nxd4 Bd6 13. Bxd7+ Nxd7 14.
Kh1 a6 15. Rd1 O-O 16. Nf3 1/2-1/2

[Event "1MCRV_F"]
[Site "?"]
[Date "2002.??.??"]
[Round "?"]
[White "Skalicky, Frantisek"]
[Black "Vondracek, Emil"]
[Result "0-1"]
[WhiteElo "2245"]
[BlackElo "2280"]
[PlyCount "88"]
[EventDate "2002.??.??"]
[EventType "corr"]
[EventRounds "2"]
[SourceDate "2004.??.??"]

1. e4 e5 2. Nf3 Nc6 3. Bb5 a6 4. Ba4 Nf6 5. O-O b5 6. Bb3 Bb7 7. Re1 Bc5 8. c3
d6 9. d4 Bb6 10. a4 h6 11. h3 O-O 12. Na3 exd4 13. cxd4 Na5 14. Bc2 b4 15. Nb1
c5 16. b3 Re8 17. d5 c4 18. bxc4 Nxc4 19. Nbd2 Nxd2 20. Bxd2 a5 21. Rc1 Bc5 22.
Nh2 Rb8 23. Bd3 Bc8 24. Nf3 Qb6 25. Re2 Ba6 26. Qb3 Bxd3 27. Qxd3 Qa7 28. Bf4
Rbc8 29. Rf1 Qd7 30. Ra1 Ba7 31. Rae1 Bc5 32. Qb3 Bb6 33. Qd1 Rc4 34. Nd2 Rcc8
35. Nf1 Rc4 36. Qd3 Rc3 37. Qd1 Rec8 38. Ng3 Kh8 39. Nf5 Nxe4 40. g4 Nxf2 41.
Rxf2 b3 42. Be3 Bxe3 43. Nxe3 Qa7 44. Qd2 b2 0-1

[Event "1MCRV_F"]
[Site "?"]
[Date "2002.??.??"]
[Round "?"]
[White "Koukal, Vladimir"]
[Black "Kostal, Jindrich"]
[Result "0-1"]
[WhiteElo "2240"]
[BlackElo "2305"]
[PlyCount "102"]
[EventDate "2002.??.??"]
[EventType "corr"]
[EventRounds "2"]
[SourceDate "2004.??.??"]

1. e4 e5 2. Nf3 Nc6 3. Bc4 Bc5 4. c3 Nf6 5. b4 Bb6 6. d3 d6 7. a4 a6 8. O-O O-O
9. Nbd2 Ne7 10. a5 Ba7 11. Nb1 Be6 12. Bxe6 fxe6 13. Na3 Ng6 14. Nc4 Nh5 15.
Bg5 Qe8 16. Be3 Ngf4 17. g3 Bxe3 18. fxe3 Ng6 19. Qb3 Nf6 20. Ncd2 Rf7 21. c4
Rb8 22. h3 c6 23. Rf2 d5 24. Kg2 dxe4 25. dxe4 c5 26. bxc5 Qc6 27. Qb6 Nd7 28.
Qxc6 bxc6 29. h4 h5 30. Ng5 Nxc5 31. Ra2 Rxf2+ 32. Kxf2 Nf8 33. Ndf3 Nfd7 34.
Rd2 Nf6 35. Rd1 Ng4+ 36. Ke2 Kf8 37. Rd6 Rb2+ 38. Rd2 Rb3 39. Rd6 Rxe3+ 40. Kf1
Nxe4 41. Rxc6 Nxg3+ 42. Kg1 Ne2+ 43. Kf1 Nf4 44. Rxa6 Ra3 45. c5 e4 46. Ne1 e5
47. Ra8+ Ke7 48. Ra7+ Kd8 49. c6 Ne3+ 50. Kg1 Ra1 51. Kf2 Ra2+ 0-1

[Event "1MCRV_F"]
[Site "?"]
[Date "2002.??.??"]
[Round "?"]
[White "Nevole, Milan"]
[Black "Hybl, Vladislav"]
[Result "1/2-1/2"]
[WhiteElo "2210"]
[BlackElo "2305"]
[PlyCount "58"]
[EventDate "2002.??.??"]
[EventType "corr"]
[EventRounds "2"]
[SourceDate "2004.??.??"]

1. d4 Nf6 2. c4 g6 3. Nc3 Bg7 4. e4 d6 5. f3 O-O 6. Be3 Nc6 7. Nge2 a6 8. Qd2
Rb8 9. Nc1 e5 10. d5 Nd4 11. N1e2 c5 12. dxc6 bxc6 13. Nxd4 exd4 14. Bxd4 Re8
15. Be2 d5 16. exd5 cxd5 17. cxd5 Rb4 18. O-O Ne4 19. fxe4 Bxd4+ 20. Kh1 Be5
21. Rf3 Bg4 22. Re3 Bxe2 23. Qxe2 Qb8 24. Qxa6 Rxb2 25. Rf1 Re7 26. Rh3 Rc7 27.
Nd1 Ra7 28. Qc4 Rbxa2 29. Rb3 Qd8 1/2-1/2

[Event "1MCRV_F"]
[Site "?"]
[Date "2002.??.??"]
[Round "?"]
[White "Mudra, Oldrich"]
[Black "Kuta, Jiri"]
[Result "1/2-1/2"]
[WhiteElo "2200"]
[BlackElo "2320"]
[PlyCount "60"]
[EventDate "2002.??.??"]
[EventType "corr"]
[EventRounds "2"]
[SourceDate "2004.??.??"]

1. d4 Nf6 2. Nf3 g6 3. c4 Bg7 4. Nc3 O-O 5. e4 d6 6. Be2 e5 7. Be3 c6 8. O-O
Nbd7 9. dxe5 dxe5 10. Rc1 Qe7 11. Qc2 Nh5 12. Rfd1 Nf4 13. Bf1 Nc5 14. Qd2 Bg4
15. Qd6 Qxd6 16. Rxd6 Nce6 17. Nd2 Nd4 18. f3 Bc8 19. c5 Re8 20. Nc4 Nfe6 21.
Ne2 Nxe2+ 22. Bxe2 Nd4 23. Bxd4 exd4 24. b4 Be6 25. Bd3 Bh6 26. Rc2 Rad8 27. g3
Bf8 28. Rxd8 Rxd8 29. f4 f6 30. Kf2 Kf7 1/2-1/2

[Event "1MCRV_F"]
[Site "?"]
[Date "2002.??.??"]
[Round "?"]
[White "Sykora, Josef"]
[Black "Sluka, Vaclav"]
[Result "1-0"]
[WhiteElo "2370"]
[BlackElo "2245"]
[PlyCount "53"]
[EventDate "2002.??.??"]
[EventType "corr"]
[EventRounds "2"]
[SourceDate "2004.??.??"]

1. Nf3 d5 2. g3 Nc6 3. d4 Bg4 4. Bg2 e6 5. O-O Nf6 6. c4 dxc4 7. Qa4 Qd7 8.
Qxc4 Na5 9. Qd3 Bxf3 10. Bxf3 c5 11. Qc3 Qb5 12. Na3 Qb4 13. Bd2 Nc6 14. dxc5
Qxc5 15. Qb3 Rb8 16. Nb5 Qb6 17. Bf4 e5 18. Be3 Qa5 19. Nxa7 Nxa7 20. Bxa7 Qxa7
21. Qb5+ Nd7 22. Rfd1 Bc5 23. Qxd7+ Kf8 24. b4 Bxf2+ 25. Kg2 g6 26. Qd6+ Kg8
27. Rf1 1-0

[Event "1MCRV_F"]
[Site "?"]
[Date "2002.??.??"]
[Round "?"]
[White "Kuta, Jiri"]
[Black "Sykora, Josef"]
[Result "1/2-1/2"]
[WhiteElo "2320"]
[BlackElo "2370"]
[PlyCount "106"]
[EventDate "2002.??.??"]
[EventType "corr"]
[EventRounds "2"]
[SourceDate "2004.??.??"]

1. d4 Nf6 2. c4 e6 3. Nf3 b6 4. a3 Bb7 5. Nc3 d5 6. cxd5 Nxd5 7. Qc2 Nxc3 8.
Qxc3 h6 9. e3 Be7 10. Bb5+ c6 11. Be2 O-O 12. O-O Nd7 13. Rd1 Rc8 14. b4 c5 15.
bxc5 bxc5 16. Bb2 Bf6 17. Qe1 Qc7 18. Rac1 Qb8 19. Rb1 Be4 20. Bd3 Bxf3 21.
gxf3 Qc7 22. Be4 Rfd8 23. f4 cxd4 24. Bxd4 Bxd4 25. Rxd4 Nf6 26. Rxd8+ Qxd8 27.
Bf3 Qd3 28. Rc1 Rb8 29. Qc3 Qg6+ 30. Bg2 Rb1 31. Rxb1 Qxb1+ 32. Bf1 Qg6+ 33.
Bg2 Qb1+ 34. Bf1 Qg6+ 35. Bg2 Qb1+ 36. Bf1 Ne4 37. Qd3 Qxd3 38. Bxd3 Nc5 39.
Bc4 Kf8 40. f3 Ke7 41. Kf2 Kd6 42. h4 Nd7 43. Ke2 f6 44. Kd2 e5 45. f5 e4 46.
f4 a5 47. Kc3 Kc5 48. h5 Nb6 49. Be6 Na8 50. Kb3 Nc7 51. Bf7 Nb5 52. Bg8 a4+
53. Kb2 Nd6 1/2-1/2

[Event "1MCRV_F"]
[Site "?"]
[Date "2002.??.??"]
[Round "?"]
[White "Hybl, Vladislav"]
[Black "Mudra, Oldrich"]
[Result "1/2-1/2"]
[WhiteElo "2305"]
[BlackElo "2200"]
[PlyCount "76"]
[EventDate "2002.??.??"]
[EventType "corr"]
[EventRounds "2"]
[SourceDate "2004.??.??"]

1. f4 d5 2. Nf3 Nf6 3. e3 g6 4. d4 Bg7 5. Bd3 O-O 6. O-O c5 7. c3 b6 8. Nbd2
Bb7 9. b3 Nbd7 10. Bb2 Rc8 11. Rc1 Qc7 12. Qe2 Rfe8 13. Ne5 e6 14. c4 Nxe5 15.
fxe5 Nd7 16. Rf2 Rf8 17. Rcf1 Rce8 18. Qg4 f5 19. exf6 Nxf6 20. Qh3 Qe7 21.
dxc5 bxc5 22. Qg3 Nh5 23. Rxf8+ Bxf8 24. Qe1 Bg7 25. Bxg7 Nxg7 26. Nf3 Rf8 27.
Qg3 Nf5 28. Qe5 Qd6 29. Qxd6 Nxd6 30. Ne5 Rd8 31. g4 Kg7 32. h4 a5 33. Rf4 Re8
34. g5 Re7 35. Be2 Ne4 36. Bg4 Nc3 37. Rf6 dxc4 38. bxc4 Be4 1/2-1/2

[Event "1MCRV_F"]
[Site "?"]
[Date "2002.??.??"]
[Round "?"]
[White "Kostal, Jindrich"]
[Black "Nevole, Milan"]
[Result "1/2-1/2"]
[WhiteElo "2305"]
[BlackElo "2210"]
[PlyCount "104"]
[EventDate "2002.??.??"]
[EventType "corr"]
[EventRounds "2"]
[SourceDate "2004.??.??"]

1. e4 c5 2. Nf3 Nc6 3. Bb5 g6 4. O-O Bg7 5. c3 Nf6 6. Re1 O-O 7. d4 cxd4 8.
cxd4 a6 9. Bd3 d6 10. d5 Nb4 11. Bf1 a5 12. Nc3 Bg4 13. Be2 Nd7 14. a3 Na6 15.
Be3 Nac5 16. h3 Bxf3 17. Bxf3 a4 18. Rc1 Qa5 19. Rc2 Rfc8 20. Bg4 Rc7 21. Bd2
Ne5 22. Be2 Rcc8 23. Nb5 Qd8 24. Qb1 Nb3 25. Bb4 Rxc2 26. Qxc2 Qb6 27. Qd1 Nd7
28. Nc3 Bd4 29. Rf1 Ndc5 30. Bxc5 dxc5 31. Bc4 Bg7 32. Nxa4 Rxa4 33. d6 exd6
34. Bxb3 Rd4 35. Qc2 Qa5 36. Bd5 b5 37. Qb3 c4 38. Qf3 Qc7 39. Qe2 Kf8 40. Qc2
f5 41. Qc1 Rd3 42. a4 bxa4 43. Qc2 fxe4 44. Qxa4 Bxb2 45. Bxc4 Rd4 46. Qa8+ Kg7
47. Qg8+ Kh6 48. Qf8+ Qg7 49. Qd8 g5 50. Qe8 Rd2 51. Qxe4 Bd4 52. Qe1 Rb2
1/2-1/2

[Event "1MCRV_F"]
[Site "?"]
[Date "2002.??.??"]
[Round "?"]
[White "Vondracek, Emil"]
[Black "Koukal, Vladimir"]
[Result "1/2-1/2"]
[WhiteElo "2280"]
[BlackElo "2240"]
[PlyCount "111"]
[EventDate "2002.??.??"]
[EventType "corr"]
[EventRounds "2"]
[SourceDate "2004.??.??"]

1. e4 e5 2. Nc3 Nf6 3. Bc4 Nc6 4. d3 Na5 5. Nge2 Bc5 6. O-O d6 7. Bb3 Nxb3 8.
axb3 a6 9. Ng3 Bg4 10. Qe1 O-O 11. Be3 Bd4 12. h3 Be6 13. Bxd4 exd4 14. Nce2 c5
15. Qd2 Qb6 16. Nf4 Bd7 17. Nfh5 Nxh5 18. Nxh5 Qd8 19. Rfe1 Re8 20. Ng3 Qe7 21.
Qa5 Rac8 22. c4 Rc6 23. b4 Rb8 24. b5 axb5 25. Qxb5 Qe8 26. Qa5 b5 27. b4 Rcb6
28. bxc5 dxc5 29. Reb1 Qe5 30. cxb5 h6 31. Qd2 Rxb5 32. Rxb5 Bxb5 33. Rc1 Rc8
34. Nf5 Kh7 35. Rc2 Bd7 36. f4 Qf6 37. g4 Qa6 38. Ra2 Qb6 39. Rb2 Qe6 40. Rc2
f6 41. Ra2 Rb8 42. Rb2 Ra8 43. Qc2 Ra5 44. Kf2 Bc8 45. Qb3 Qxb3 46. Rxb3 Ra2+
47. Kf3 Rh2 48. Kg3 Rd2 49. Ra3 Bxf5 50. gxf5 Re2 51. Ra5 c4 52. dxc4 Re3+ 53.
Kg4 Rxe4 54. Rd5 h5+ 55. Kxh5 Rxf4 56. c5 1/2-1/2

[Event "1MCRV_F"]
[Site "?"]
[Date "2002.??.??"]
[Round "?"]
[White "Nosek, Jaroslav"]
[Black "Skalicky, Frantisek"]
[Result "1/2-1/2"]
[WhiteElo "2275"]
[BlackElo "2245"]
[PlyCount "53"]
[EventDate "2002.??.??"]
[EventType "corr"]
[EventRounds "2"]
[SourceDate "2004.??.??"]

1. d4 Nf6 2. Bg5 d5 3. Bxf6 exf6 4. e3 c6 5. Bd3 Bd6 6. Qf3 O-O 7. Ne2 Be6 8.
Nd2 Nd7 9. g4 c5 10. c3 c4 11. Bc2 Re8 12. h4 Nf8 13. Ng3 b5 14. Nf5 Bc7 15. g5
fxg5 16. hxg5 Qxg5 17. O-O-O g6 18. Rdg1 Qd8 19. e4 Bxf5 20. exf5 Qd6 21. fxg6
hxg6 22. Kd1 Rab8 23. Nf1 Bd8 24. Ne3 Bf6 25. Nf5 Qe6 26. Qh5 b4 27. Nh6+
1/2-1/2

[Event "1MCRV_F"]
[Site "?"]
[Date "2002.??.??"]
[Round "?"]
[White "Pytlik, Lesek"]
[Black "Kuchta, Jiri"]
[Result "1/2-1/2"]
[WhiteElo "2260"]
[BlackElo "2255"]
[PlyCount "84"]
[EventDate "2002.??.??"]
[EventType "corr"]
[EventRounds "2"]
[SourceDate "2004.??.??"]

1. d3 d5 2. Nf3 Nc6 3. g3 e5 4. Bg2 Nf6 5. O-O Bd6 6. Nbd2 O-O 7. e4 dxe4 8.
dxe4 Qe7 9. b3 a5 10. a3 Rd8 11. Qe2 b6 12. Rd1 Bc5 13. Bb2 Ng4 14. Rf1 Nd4 15.
Nxd4 exd4 16. h3 Ne5 17. Qh5 Qe6 18. Rfd1 g6 19. Qh6 Bb7 20. Rac1 Bf8 21. Qh4
Be7 22. Qh6 Bf6 23. f4 Qe7 24. Rf1 Rd7 25. Rcd1 c5 26. g4 Bg7 27. Qg5 Qxg5 28.
fxg5 Re8 29. Bc1 b5 30. Kf2 b4 31. Nf3 Bxe4 32. Nxe5 Rxe5 33. Bxe4 Rxe4 34.
Rfe1 Rde7 35. axb4 axb4 36. Rxe4 Rxe4 37. Kf3 Re6 38. Bf4 Be5 39. Bd2 Bd6 40.
Ra1 f6 41. Ra8+ Kf7 42. Ra7+ Re7 1/2-1/2

[Event "1MCRV_F"]
[Site "?"]
[Date "2002.??.??"]
[Round "?"]
[White "Skalicky, Frantisek"]
[Black "Pytlik, Lesek"]
[Result "1-0"]
[WhiteElo "2245"]
[BlackElo "2260"]
[PlyCount "71"]
[EventDate "2002.??.??"]
[EventType "corr"]
[EventRounds "2"]
[SourceDate "2004.??.??"]

1. e4 d5 2. exd5 Nf6 3. d4 Nxd5 4. c4 Nb6 5. Nf3 g6 6. Nc3 Bg7 7. h3 O-O 8. Be3
Bf5 9. Be2 Nc6 10. O-O Re8 11. g4 Bc8 12. Rc1 e6 13. Qd2 Qe7 14. Rfe1 Rd8 15.
Ne4 Qf8 16. g5 e5 17. d5 Qb4 18. Bd3 Qxd2 19. Bxd2 Bxh3 20. Nc5 Nd4 21. Nxd4
exd4 22. Nxb7 Rdb8 23. Nc5 Nd7 24. Nxd7 Rxb2 25. Bf4 Bxd7 26. Re7 Bg4 27. Rxc7
Rxa2 28. d6 Ra3 29. Be4 Rd8 30. c5 d3 31. Bd5 Rf8 32. d7 d2 33. Rd1 Rd8 34. c6
Ra4 35. Bxd2 Rd4 36. Re1 1-0

[Event "1MCRV_F"]
[Site "?"]
[Date "2002.??.??"]
[Round "?"]
[White "Koukal, Vladimir"]
[Black "Nosek, Jaroslav"]
[Result "1-0"]
[WhiteElo "2240"]
[BlackElo "2275"]
[PlyCount "61"]
[EventDate "2002.??.??"]
[EventType "corr"]
[EventRounds "2"]
[SourceDate "2004.??.??"]

1. e4 e6 2. d4 d5 3. Nc3 Bb4 4. e5 c5 5. Qg4 Ne7 6. Nf3 Nbc6 7. a3 Qa5 8. Bd2
cxd4 9. Nxd4 Nxd4 10. Qxd4 Nc6 11. Qg4 O-O 12. O-O-O Bxa3 13. bxa3 Qxa3+ 14.
Kb1 Nxe5 15. Qf4 Ng6 16. Nb5 Qc5 17. Qd6 Qxd6 18. Nxd6 Rd8 19. Nxc8 Rdxc8 20.
Kb2 Ne5 21. Ra1 a6 22. Be3 b5 23. Kb3 Nc4 24. Bxc4 Rxc4 25. Bd2 Kf8 26. Ra5 Ke7
27. Rha1 Rc6 28. Rxb5 Rac8 29. Rb7+ Kf6 30. c3 Ra8 31. Ra4 1-0

[Event "1MCRV_F"]
[Site "?"]
[Date "2002.??.??"]
[Round "?"]
[White "Nevole, Milan"]
[Black "Vondracek, Emil"]
[Result "1/2-1/2"]
[WhiteElo "2210"]
[BlackElo "2280"]
[PlyCount "132"]
[EventDate "2002.??.??"]
[EventType "corr"]
[EventRounds "2"]
[SourceDate "2004.??.??"]

1. d4 Nf6 2. c4 e6 3. Nc3 Bb4 4. e3 b6 5. Nge2 Bb7 6. a3 Be7 7. Nf4 d5 8. cxd5
exd5 9. Bd3 O-O 10. O-O c5 11. Qf3 Na6 12. Bxa6 Bxa6 13. Rd1 cxd4 14. Rxd4 Bd6
15. Nfxd5 Be5 16. Rd1 Nxd5 17. Nxd5 Qd6 18. e4 Bb7 19. Bg5 Qe6 20. Rd2 Rae8 21.
Rad1 Bb8 22. Bf4 Qxe4 23. Qxe4 Rxe4 24. Bxb8 Rxb8 25. Nc3 Ree8 26. Rd7 Kf8 27.
f3 a5 28. R1d6 Bc8 29. Ra7 Bf5 30. g4 Bc8 31. Kf2 Re6 32. Rd8+ Re8 33. Rxe8+
Kxe8 34. Nb5 Kf8 35. Ke3 Bb7 36. Nd6 Bd5 37. Kd4 Bb3 38. Rd7 Be6 39. Rc7 f6 40.
Ne4 Rd8+ 41. Ke3 b5 42. h4 Bc4 43. Nc5 Re8+ 44. Kf4 Re7 45. Rc6 Re2 46. b3 Bf7
47. a4 Be8 48. Rc8 bxa4 49. bxa4 Ke7 50. Ra8 Re5 51. Ra7+ Kd8 52. Nb7+ Kc7 53.
Nxa5+ Kb6 54. Rxg7 Rxa5 55. Rxh7 Kc5 56. Rh6 Ra6 57. a5 Kb4 58. Rh8 Bb5 59. h5
Rxa5 60. Kf5 Ra6 61. Kg6 Bd3+ 62. Kg7 Be2 63. Rf8 Bxf3 64. Rxf6 Ra7+ 65. Kh6
Bd1 66. g5 Ra8 1/2-1/2

[Event "1MCRV_F"]
[Site "?"]
[Date "2002.??.??"]
[Round "?"]
[White "Mudra, Oldrich"]
[Black "Kostal, Jindrich"]
[Result "0-1"]
[WhiteElo "2200"]
[BlackElo "2305"]
[PlyCount "72"]
[EventDate "2002.??.??"]
[EventType "corr"]
[EventRounds "2"]
[SourceDate "2004.??.??"]

1. d4 Nf6 2. Nf3 g6 3. c4 Bg7 4. Nc3 d6 5. e4 O-O 6. Be2 e5 7. Be3 Nc6 8. d5
Ne7 9. Nd2 Nd7 10. b4 f5 11. f3 a5 12. a3 b6 13. O-O axb4 14. axb4 Rxa1 15.
Qxa1 Nf6 16. Bd1 f4 17. Bf2 g5 18. Qa8 Bd7 19. Qxd8 Rxd8 20. Bb3 Ra8 21. c5
bxc5 22. bxc5 h5 23. c6 Bc8 24. Nb5 Ne8 25. Rb1 g4 26. Na7 g3 27. hxg3 fxg3 28.
Be3 Kh7 29. Nxc8 Nxc8 30. Kf1 Bh6 31. Ke2 Ne7 32. Rh1 Ng7 33. Bxh6 Kxh6 34. Rh3
Ng6 35. Ke1 h4 36. Nf1 Ra3 0-1

[Event "1MCRV_F"]
[Site "?"]
[Date "2002.??.??"]
[Round "?"]
[White "Sykora, Josef"]
[Black "Hybl, Vladislav"]
[Result "1/2-1/2"]
[WhiteElo "2370"]
[BlackElo "2305"]
[PlyCount "95"]
[EventDate "2002.??.??"]
[EventType "corr"]
[EventRounds "2"]
[SourceDate "2004.??.??"]

1. Nf3 Nf6 2. g3 g6 3. Bg2 Bg7 4. O-O O-O 5. c4 c5 6. d4 cxd4 7. Nxd4 Nc6 8.
Nc3 Nxd4 9. Qxd4 d6 10. Qd3 Rb8 11. Be3 b6 12. Bd4 Bb7 13. e4 Rc8 14. b3 Qd7
15. a4 Ng4 16. Bxg7 Kxg7 17. a5 bxa5 18. Rxa5 a6 19. Nd5 Rb8 20. Qc3+ Kg8 21.
h3 Ne5 22. b4 f6 23. f4 Nc6 24. Raa1 Kg7 25. b5 axb5 26. cxb5 Nd8 27. Qc7 Qxc7
28. Nxc7 Kf7 29. f5 Rg8 30. Ra3 gxf5 31. exf5 Rg5 32. h4 Rg4 33. Re1 Bxg2 34.
Kxg2 Rb7 35. Rc1 Rb8 36. Ra7 Re4 37. Kf3 Re5 38. g4 h5 39. Rc3 hxg4+ 40. Kxg4
Nb7 41. Kf4 Nc5 42. Re3 Kg7 43. Rxe5 fxe5+ 44. Kg4 Ne4 45. Ra4 Nf6+ 46. Kf3 Nd7
47. Ra7 Kf6 48. Nd5+ 1/2-1/2

[Event "1MCRV_F"]
[Site "?"]
[Date "2002.??.??"]
[Round "?"]
[White "Sluka, Vaclav"]
[Black "Kuta, Jiri"]
[Result "0-1"]
[WhiteElo "2245"]
[BlackElo "2320"]
[PlyCount "96"]
[EventDate "2002.??.??"]
[EventType "corr"]
[EventRounds "2"]
[SourceDate "2004.??.??"]

1. d4 Nf6 2. c4 g6 3. g3 Bg7 4. Bg2 O-O 5. Nc3 d6 6. Nf3 Nbd7 7. O-O e5 8. dxe5
dxe5 9. Qc2 Re8 10. e4 c6 11. Rd1 Qc7 12. b3 Bf8 13. Bb2 a5 14. Na4 Nc5 15.
Nxc5 Bxc5 16. a3 Ng4 17. Rd2 Rd8 18. Rf1 f6 19. h3 Nh6 20. Ne1 Rxd2 21. Qxd2
Nf7 22. Nd3 Qd6 23. Qc2 Be6 24. Kh2 Rd8 25. Nxc5 Qxc5 26. f4 a4 27. bxa4 Qxc4
28. Qc3 Rd3 29. Qxc4 Bxc4 30. Rf2 Rb3 31. Bf3 Be2 32. Rxe2 Rxf3 33. Kg2 Rb3 34.
Rd2 Kf8 35. Bc1 Rc3 36. Bb2 Rc4 37. Kf3 Ke7 38. a5 Ke6 39. Rd3 Nd6 40. Rb3 Ra4
41. fxe5 fxe5 42. Bc1 Rxa5 43. Bd2 Ra4 44. Bb4 Nb5 45. Ke3 b6 46. Kd2 Nd4 47.
Rb2 Kd7 48. Bf8 Ne6 0-1

[Event "1MCRV_F"]
[Site "?"]
[Date "2002.??.??"]
[Round "?"]
[White "Hybl, Vladislav"]
[Black "Sluka, Vaclav"]
[Result "1/2-1/2"]
[WhiteElo "2305"]
[BlackElo "2245"]
[PlyCount "54"]
[EventDate "2002.??.??"]
[EventType "corr"]
[EventRounds "2"]
[SourceDate "2004.??.??"]

1. e4 e6 2. d4 d5 3. Nd2 c5 4. exd5 exd5 5. Ngf3 Nc6 6. Bb5 Bd6 7. dxc5 Bxc5 8.
O-O Nge7 9. Nb3 Bd6 10. Nbd4 O-O 11. h3 Qb6 12. c3 Nxd4 13. Nxd4 Bc5 14. Ba4
Bxd4 15. Qxd4 Qxd4 16. cxd4 Be6 17. Bf4 Rfc8 18. Rad1 Rc4 19. Bb3 Rc6 20. Rc1
Rac8 21. g4 a5 22. Rxc6 Rxc6 23. Bd2 b6 24. Re1 Kf8 25. f4 f6 26. f5 Bc8 27.
Kf2 g6 1/2-1/2